|
|
|
|
| LEADER |
00000nam0a2200000 4500 |
| 001 |
298013 |
| 005 |
20231102001049.0 |
| 035 |
|
|
|a (RuTPU)RU\TPU\book\323155
|
| 090 |
|
|
|a 298013
|
| 100 |
|
|
|a 20150615d1979 m y0rusy50 ca
|
| 101 |
0 |
|
|a rus
|
| 102 |
|
|
|a RU
|
| 105 |
|
|
|a a z 000zy
|
| 200 |
1 |
|
|a Беседы об экологии
|f В. В. Дёжкин
|
| 205 |
|
|
|a 2-е изд.
|
| 210 |
|
|
|a Москва
|c Молодая гвардия
|d 1979
|
| 215 |
|
|
|a 190 с.
|c ил.
|
| 225 |
1 |
|
|a Эврика !
|
| 606 |
1 |
|
|a Экология
|x (биологические науки)
|2 stltpush
|3 (RuTPU)RU\TPU\subj\67531
|9 83289
|
| 610 |
1 |
|
|a определения
|
| 610 |
1 |
|
|a питательные вещества
|
| 610 |
1 |
|
|a организмы
|
| 610 |
1 |
|
|a популяции
|
| 610 |
1 |
|
|a животные
|
| 610 |
1 |
|
|a растения
|
| 610 |
1 |
|
|a биомасса
|
| 610 |
1 |
|
|a продукция
|
| 610 |
1 |
|
|a продуктивность
|
| 610 |
1 |
|
|a биогеоценозы
|
| 610 |
1 |
|
|a устойчивость
|
| 610 |
1 |
|
|a биосфера
|
| 610 |
1 |
|
|a антропогенные факторы
|
| 610 |
1 |
|
|a экологическое равновесие
|
| 675 |
|
|
|a 574
|v 4
|
| 700 |
|
1 |
|a Дёжкин
|b В. В.
|g Вадим Васильевич
|
| 801 |
|
1 |
|a RU
|b 63413507
|c 20150615
|
| 801 |
|
2 |
|a RU
|b 63413507
|c 20150907
|g RCR
|
| 942 |
|
|
|c BK
|